000 00810nam a22002057a 4500
999 _c19300
_d19300
003 AR-CdUCM
008 190517b ||||| |||| 00| 0 spa d
040 _aMUNICIPALIDAD PROVINCIAL DEL CUSCO
_cBIBLIOTECA MUNICIPAL DEL CUSCO
082 _a347.946 /
_bB17
100 _aBaldó del Castaño, Vicente
_940561
245 _aConceptos fundamentales del derecho mercantil :
_blas relaciones jurídicas empresariales /
260 _aBarcelona :
_bMarcombo Boixareu,
_c1982.
300 _a275 páginas ;
_c22 cm.
505 _aContenido: Derecho mercantil y empresa -- Estatuto jurídico del empresario -- Los instrumentos del trafico mercantil...
650 _aDerecho comercial
_95195
650 _aContabilidad
_910543
650 _aDerecho comercial
_95195
942 _2ddc
_cLIBROS
945 _adavv
_d2019-05-17